logo

Bir Sreshtho Munshi Abdur Rouf Library
Jhenaidah Cadet College

First class killing / (Record no. 12825)

MARC details
000 -LEADER
fixed length control field 01037nam a2200325 a 4500
001 - CONTROL NUMBER
control field 12825
003 - CONTROL NUMBER IDENTIFIER
control field BD-JhCC
005 - DATE AND TIME OF LATEST TRANSACTION
control field 20230517100045.0
008 - FIXED-LENGTH DATA ELEMENTS--GENERAL INFORMATION
fixed length control field 230517s2004 nyu 000 1 eng d
020 ## - INTERNATIONAL STANDARD BOOK NUMBER
International Standard Book Number 075153322X
035 ## - SYSTEM CONTROL NUMBER
System control number (BD-JhCC)12825
040 ## - CATALOGING SOURCE
Original cataloging agency IG#
Transcribing agency IG#
Modifying agency DLC
-- BD-JhCC
042 ## - AUTHENTICATION CODE
Authentication code lccopycat
043 ## - GEOGRAPHIC AREA CODE
Geographic area code n-us---
050 00 - LIBRARY OF CONGRESS CALL NUMBER
Classification number CPB Box no. 2183 vol. 4
082 ## - DEWEY DECIMAL CLASSIFICATION NUMBER
Classification number 813.6
Item number HEI 2004
100 1# - MAIN ENTRY--PERSONAL NAME
Personal name Heitman, Lynne.
245 10 - TITLE STATEMENT
Title First class killing /
Statement of responsibility, etc. Lynne Heitman.
260 ## - PUBLICATION, DISTRIBUTION, ETC.
Place of publication, distribution, etc. New York :
Name of publisher, distributor, etc. Pocket Books,
Date of publication, distribution, etc. c2004.
300 ## - PHYSICAL DESCRIPTION
Extent 372 p. ;
Dimensions 18 cm.
490 0# - SERIES STATEMENT
Series statement Alex Shanahan mystery
650 #0 - SUBJECT ADDED ENTRY--TOPICAL TERM
Topical term or geographic name entry element Women private investigators
Geographic subdivision United States
Form subdivision Fiction.
650 #0 - SUBJECT ADDED ENTRY--TOPICAL TERM
Topical term or geographic name entry element Airlines
Geographic subdivision United States
Form subdivision Fiction.
650 #0 - SUBJECT ADDED ENTRY--TOPICAL TERM
Topical term or geographic name entry element Prostitution
Geographic subdivision United States
Form subdivision Fiction.
655 #7 - INDEX TERM--GENRE/FORM
Genre/form data or focus term Mystery fiction.
Source of term gsafd
856 41 - ELECTRONIC LOCATION AND ACCESS
Materials specified Sample text
Uniform Resource Identifier <a href="http://www.loc.gov/catdir/enhancements/fy0641/2004574302-s.html">http://www.loc.gov/catdir/enhancements/fy0641/2004574302-s.html</a>
906 ## - LOCAL DATA ELEMENT F, LDF (RLIN)
a 7
b cbc
c copycat
d 2
e ncip
f 20
g y-genrareb
942 ## - ADDED ENTRY ELEMENTS (KOHA)
Source of classification or shelving scheme Dewey Decimal Classification
Koha item type Books
Holdings
Withdrawn status Lost status Source of classification or shelving scheme Damaged status Not for loan Home library Current library Shelving location Date acquired Source of acquisition Cost, normal purchase price Total Checkouts Full call number Barcode Checked out Date last seen Date last checked out Copy number Price effective from Koha item type
    Dewey Decimal Classification     JCC Rouf Library JCC Rouf Library General Stacks 05/17/2023 Major General Md. Shafeenul Islam.ndc,psc 400.00 8 813.6 HEI 2004 17605 12/06/2025 11/11/2025 11/11/2025 C-1 05/17/2023 Books

JCC Library | Contacts | JCC Home

Last Update on 23 September 2017
Copyright @ 2017-2020 JCC Rouf Library
Rouf Library, Jhenidah Cadet College (JCC), Bangladesh